The Law Of South Africa / (Record no. 1095)
[ view plain ]
| 000 -LEADER | |
|---|---|
| fixed length control field | 00552nam a22001817a 4500 |
| 005 - DATE AND TIME OF INPUT | |
| control field | 20231201104615.0 |
| 008 - DATA ELEMENTS--GENERAL INFORMATION | |
| fixed length control field | 231201b |||||||| |||| 00| 0 eng d |
| 020 ## - INTERNATIONAL STANDARD BOOK NUMBER | |
| International Standard Book Number | 0409004642 |
| 022 ## - INTERNATIONAL STANDARD SERIAL NUMBER | |
| International Standard Serial Number | 0409004642 |
| 041 ## - LANGUAGE CODE | |
| Language code of text | English |
| 082 ## - SHELF NUMBER | |
| DDC number | 349 JOU |
| 100 ## - MAIN AUTHOR | |
| Main author's name | Joubert, WA and Faris, JA |
| Language of a work | English |
| 245 ## - TITLE STATEMENT | |
| Title | The Law Of South Africa / |
| Statement of responsibility, etc. | WA Joubert and JA Faris |
| 260 ## - PUBLICATION, DISTRIBUTION, ETC. | |
| Place of publication, distribution, etc. | Durban : |
| Name of publisher, distributor, etc. | Butterworth Publishers, |
| Date of publication, distribution, etc. | 1998 |
| 300 ## - PHYSICAL DESCRIPTION | |
| Other physical details | viii, 542 pages ; |
| Dimensions | 26 cm. |
| 650 ## - SUBJECT` | |
| Broad subject | Legal practice |
| Own subject terms | Law |
| 942 ## - ADDED ENTRY ELEMENTS (KOHA) | |
| Item type | Books |
| 942 ## - ADDED ENTRY ELEMENTS (KOHA) | |
| -- | ALISON_BN_VRIES |
| Source of classification or shelving scheme | Volume number (bound volume or other part) | Not for loan | Collection code | Home library | Current library | Shelving location | Date acquired | Full call number | Barcode | Price effective from | Koha item type |
|---|---|---|---|---|---|---|---|---|---|---|---|
| Dewey Decimal Classification | Volume 10 Part 1 | TEXT BOOKS | LAW SOCIETY OF NAMIBIA LIBRARY - WINDHOEK | LAW SOCIETY OF NAMIBIA LIBRARY - WINDHOEK | The law of South Africa (laws) | 12/01/2023 | 349 JOU | LSN/1998/24 | 12/01/2023 | Books | |
| Dewey Decimal Classification | Volume 10 Part 2 | TEXT BOOKS | LAW SOCIETY OF NAMIBIA LIBRARY - WINDHOEK | LAW SOCIETY OF NAMIBIA LIBRARY - WINDHOEK | The law of South Africa (laws) | 12/01/2023 | 349 JOU | LSN/1997/10 | 12/01/2023 | Books |
